000 01581nam0a22003011 4500
001 rc\3633481
005 20130115145007.7
021 _aRU
_b[69-67764]
035 _a(NLR Aleph) 007826045
090 _a7759611
_c7759611
100 _a20130115d1969 |||y0rusy50 ca
101 0 _arus
102 _aRU
105 _ay z |||||
200 1 _aМетодика проведения исследований по выявлению факторов и мероприятий, влияющих на качество изготовления продукции на предприятиях машиностроения
_fКом. стандартов, мер и измерит. приборов при Совете Министров СССР. Всесоюз. науч.-исслед. ин-т стандартизации "ВНИИМС"
210 _aМосква
_cБ. и.
_d1969
215 _a74 с.
_cграф.
_d20
300 _aНа обороте тит. л. авт.: д-р экон. наук А. Гличев, канд. экон. наук В. Панов, инж. М. Бабин и др.
606 _aМашиностроительная продукция
_xКачество
_xТехнико-экономический анализ
_2psbo
701 1 _aПанов
_bВ.
701 1 _aБабин
_bМ.
701 1 _aГличев
_bА. В.
_gАлександр Владимирович
712 0 2 _aВНИИ стандартизации
_3RU\NLR\AUTH\8810020283
801 0 _aRU
_bNLR
_gpsbo
801 1 _aRU
_bELAR
_2rusmarc
852 _aNLR
_j69-4/19270
942 _cBOOK
980 _aNB